000 01138nam a2200301 a 4500
001 000111584
003 CHAP
005 20220329144220.0
008 150618s2015 mx a |sm |||||||spa d
010 _a108046
011 _a109018
040 _cCHAP
090 _aTesis
100 1 _aRivera Escobar, Edith Rocio
_9129479
245 1 0 _aEstudio de tiempos y movimientos en el empacado de tomate (Licopersicum esculentum, Mill) en la empresa grupo agroindustrial chiapaneco S.C. de R.L. de C.V.
_h[En línea]
_cpor Edith Rocio Rivera Escobar.
260 _aChapingo, Méx. :
_bEl autor,
_c2015.
500 _aPara ver el contenido del material haga clic en la liga
502 _aTesis (Ing. Agroindustrial ) -- UACH. Departamento de Ingeniería Agroindustrial
590 _aE11695DGD
_b10
_c20150619
_lUCH01
_h0843
590 _aE5652GLJ
_b05
_c20150618
_lUCH01
_h0925
590 _aE5652GLJ
_b05
_c20150618
_lUCH01
_h0925
650 1 4 _aTomate
_xEmpaque.
_9113710
650 1 4 _aTomate
_zChiapas.
_9113783
856 _aFinding aid
_uhttp://10.13.5.2/tesis/sist111584.pdf
_zTeclea aquí
901 _aBK
942 _cTESIS
942 _n0
999 _c108046
_d108046